Futuros y opciones en la empresa agropecuaria 2. estrategias de posicionamiento /

Guardado en:
Autor Principal: Erize, Enrique
Otros Autores: Bustamante, Alejandro, Miró, Daniel
Formato: Libro
Publicado: Buenos Aires : Aacrea, 1998
Materias:
Etiquetas: Agregar Etiqueta
Sin Etiquetas, Sea el primero en etiquetar este registro!
LEADER 00621nam a22001815a 4500
001 CEM.cems016520
005 20110922101431.0
008 130507s1998##################000#0#####d
003 CEMS
082 0 4 |a 338.17 
100 1 |a Erize, Enrique 
245 1 0 |a Futuros y opciones en la empresa agropecuaria 2. estrategias de posicionamiento /  |c Enrique Erize, Alejandro Bustamante y Daniel Miró 
260 |a Buenos Aires :  |b Aacrea,  |c 1998 
300 |a 79 p. 
653 |a Empresa agropecuaria-posicionamiento 
700 1 |a Bustamante, Alejandro 
700 1 |a Miró, Daniel 
859 |a CEMS  |b BIB. CEMS - Agricultura  |h 338.17  |i Er47  |p A0195.00  |t Ej.1